Music Quiz

Random Music or Bands Quiz

Quick Pick: 'Anthem' Songs Quiz Stats

 Plays Quiz not verified by Sporcle

Support Sporcle.
Go Orange.
Score 0/6 Timer 00:15
1 Play Today
% Correct
LMFAO
78.9%
Jay-Z
70.3%
Jason Aldean
47.4%
Weird Al Yankovic
43.7%
Leonard Cohen
36.3%
Silverchair
31.8%

You're not logged in!

Compare scores with friends on all Sporcle quizzes.
OR
Log In

From the Vault

Celebrity Chef Match-Up

by JoeBeta

This quiz is basically just a competition of who looks the least gross in a dirty smock.
Remove Ads.
Support Sporcle.
Get the best of Sporcle when you Go Orange. This ad-free experience offers more features, more stats, and more fun while also helping to support Sporcle. Thank you for becoming a member.

Show Comments

Extras

Top Quizzes Today


Score Distribution

Your Account Isn't Verified!

In order to create a playlist on Sporcle, you need to verify the email address you used during registration. Go to your Sporcle Settings to finish the process.

Report this User

Report this user for behavior that violates our Community Guidelines.

Details: